| 000 | 01047nam a2200217Ii 4500 | ||
|---|---|---|---|
| 003 | JO-AjNU | ||
| 008 | 230605s9999||||xx |||||||||||||| ||und|| | ||
| 017 | _a2005/11/2569 | ||
| 040 |
_aJO-AjNU _bara _erda _cJO-AjNU |
||
| 041 | _aara | ||
| 050 | 1 | 4 | _aLB2324.Q28 2006 |
| 100 | 3 |
_aأبو مغلي، سميح {وآخرون...}/ جبريل،م وسى مراجع ومدقق/الوقفي، راضي مراجع ومدقق, _eauthor _945312 |
|
| 245 | 0 | 0 | _aقواعد العمل في الجامعة:دليل عمل لأعضاء هيئة التدريس في الجامعات ومؤسسات التعليم العالي في الوطن العربي |
| 250 | _aط1 | ||
| 264 | 3 | 1 | _aعمان:جامعة عمان الأهلية،2006 |
| 300 | _a232ص | ||
| 336 |
_atext _btxt _2rdacontent |
||
| 337 |
_aunmediated _bn _2rdamedia |
||
| 338 |
_avolume _bnc _2rdacarrier |
||
| 650 | 4 |
_aالجامعات والكليات-البلاد العربية. التعليم العالي-البلاد العربية. التدريس-البلاد العربية _945313 |
|
| 999 |
_aA19632 _c23200 _d23200 |
||